|
|
|
|
| LEADER |
00000nam0a2200000 4500 |
| 001 |
117755 |
| 005 |
20231031123917.0 |
| 035 |
|
|
|a (RuTPU)RU\TPU\book\127460
|
| 090 |
|
|
|a 117755
|
| 100 |
|
|
|a 20070606d1965 m y0rusy50 ca
|
| 101 |
0 |
|
|a rus
|
| 102 |
|
|
|a RU
|
| 105 |
|
|
|a a z 000zy
|
| 200 |
1 |
|
|a Как создают машины
|f И.И. Капустин
|
| 205 |
|
|
|a 2-е изд., перераб. и доп.
|
| 210 |
|
|
|a Москва
|c Московский рабочий
|d 1965
|
| 215 |
|
|
|a 375 с.
|c ил.
|
| 610 |
1 |
|
|a машиноведение
|
| 610 |
1 |
|
|a машины
|
| 610 |
1 |
|
|a автоматы
|
| 610 |
1 |
|
|a механизмы
|
| 610 |
1 |
|
|a машиностроительные материалы
|
| 610 |
1 |
|
|a конструирование
|
| 675 |
|
|
|a 621
|v 3
|
| 700 |
|
1 |
|a Капустин
|b И.И.
|g Иван Ильич
|
| 801 |
|
1 |
|a RU
|b 63413507
|c 20070606
|g PSBO
|
| 801 |
|
2 |
|a RU
|b 63413507
|c 20080211
|g PSBO
|
| 942 |
|
|
|c BK
|